Právne možnosti použitia prostriedkov operatívno-pátracej činnosti

Podrobná bibliografia
Hlavný autor: Zachar, Andrej (právnik) (Autor)
Médium: Článok
Jazyk:slovenčina
ISSN:1335-6461
Predmet:

MARC

LEADER 00000nab a2200000 a 4500
001 vtls008704355
003 SK-MaSNL
005 20260304135314.0
008 250505c2006 xo mr|p|||||||000 b|slo
015 |a SNBRB2006/05 
035 |a (uuid)c075fe83-d6bb-4fe9-8b7c-4fc517252256 
035 |a urn:nbn:sk:snk-abx7i 
035 |a (urnnbn)urn:nbn:sk:snk:ar-003fdj 
038 |a SNKBUCL 
040 |a SNKBUCL  |b slo  |c SNKBUCL  |e AACR2 
041 0 |a slo 
044 |a xo  |c SK 
080 |a 342.7  |2 1997 
080 |a 354.747  |2 1997 
100 1 |a Zachar, Andrej  |c (právnik)  |4 aut  |9 156369 
245 1 0 |a Právne možnosti použitia prostriedkov operatívno-pátracej činnosti  |c Andrej Zachar 
504 |a Bibliogr. odkazy 
650 0 7 |a operatívno-pátracia činnosť  |2 snkbucl  |9 333082 
650 0 7 |a ľudské práva  |2 snkbucl  |9 798 
650 0 7 |a policajno-bezpečnostné služby  |2 snkbucl  |9 1454362 
773 0 |t Justičná revue  |g Roč. 58, č.3 (2006), s. 460-472  |x 1335-6461 
850 |a Slovenská národná knižnica 
852 |a Slovenská národná knižnica 
954 |a odborná, vedecká literatúra pôvodná (slovenská)  |2 lita 
958 |a article27 
958 |a OND 
958 |a NB 
958 |a SK 
958 |a EUIPO 
999 |c 2910200  |d 2912130